Введение в численные методы в задачах и упражнениях: учебное пособие

Detalles Bibliográficos
Autor Principal: Гулин А. В. Алексей Владимирович
Autor Corporativo: Московский государственный университет им. М. В. Ломоносова (МГУ) Факультет вычислительной математики и кибернетики
Outros autores: Мажорова О. С. Ольга Семеновна, Морозова В. А. Валентина Алексеевна
Summary:Пособие отражает опыт преподавания курса «Введение в численные методы» на факультете вычислительной математики и кибернетики МГУ имени М.В. Ломоносова. Наряду с конспективным изложением теоретического материала, пособие содержит значительное число примеров, задач и упражнений иллюстративного характера. Приведено решение большинства предлагаемых задач. Пособие рассчитано на студентов младших курсов, специализирующихся в области вычислительной математики и начинающих преподавателей. Оно может оказаться полезным студентам старших курсов, магистрантам и аспирантам, желающим самостоятельно закрепить свои навыки в области численных методов. Отдельные задачи и примеры можно использовать на семинарских занятиях и при подготовке заданий математического практикума.
Idioma:ruso
Publicado: Москва, Инфра-М, 2014
Series:Прикладная математика, информатика, информационные технологии
Subjects:
Formato: MixedMaterials Libro
KOHA link:https://koha.lib.tpu.ru/cgi-bin/koha/opac-detail.pl?biblionumber=257672

MARC

LEADER 00000nam0a2200000 4500
001 257672
005 20231101233227.0
010 |a 9785000240120 
010 |a 978-5-16-009717-6 
035 |a (RuTPU)RU\TPU\book\280489 
090 |a 257672 
100 |a 20140418d2014 m y0rusy50 ca 
101 0 |a rus 
102 |a RU 
105 |a a j 001zy 
200 1 |a Введение в численные методы в задачах и упражнениях  |e учебное пособие  |f А. В. Гулин, О. С. Мажорова, В. А. Морозова  |g Московский государственный университет им. М. В. Ломоносова (МГУ), Факультет вычислительной математики и кибернетики 
210 |a Москва  |c Инфра-М  |c Аргамак-Медиа  |d 2014 
215 |a 368 с.  |c ил. 
225 1 |a Прикладная математика, информатика, информационные технологии 
320 |a Библиогр.: с. 354-361. 
320 |a Предметный указатель: с. 362-364. 
330 |a Пособие отражает опыт преподавания курса «Введение в численные методы» на факультете вычислительной математики и кибернетики МГУ имени М.В. Ломоносова. Наряду с конспективным изложением теоретического материала, пособие содержит значительное число примеров, задач и упражнений иллюстративного характера. Приведено решение большинства предлагаемых задач. Пособие рассчитано на студентов младших курсов, специализирующихся в области вычислительной математики и начинающих преподавателей. Оно может оказаться полезным студентам старших курсов, магистрантам и аспирантам, желающим самостоятельно закрепить свои навыки в области численных методов. Отдельные задачи и примеры можно использовать на семинарских занятиях и при подготовке заданий математического практикума. 
606 1 |a Численные методы  |2 stltpush  |3 (RuTPU)RU\TPU\subj\18757  |9 44131 
610 1 |a учебные пособия 
610 1 |a задачи 
610 1 |a упражнения 
610 1 |a математическое моделирование 
610 1 |a вычислительные эксперименты 
610 1 |a системы уравнений 
610 1 |a интерполирование 
610 1 |a численное интегрирование 
610 1 |a задача Коши 
610 1 |a краевые задачи 
610 1 |a нелинейные уравнения 
610 1 |a дифференциальные уравнения 
610 1 |a алгоритмы 
610 1 |a распараллеливание 
675 |a 519.6(076)  |v 3 
700 1 |a Гулин  |b А. В.  |g Алексей Владимирович 
701 1 |a Мажорова  |b О. С.  |g Ольга Семеновна 
701 1 |a Морозова  |b В. А.  |g Валентина Алексеевна 
712 0 2 |a Московский государственный университет им. М. В. Ломоносова (МГУ)  |b Факультет вычислительной математики и кибернетики  |2 stltpush  |3 (RuTPU)RU\TPU\col\7 
801 1 |a RU  |b 63413507  |c 20140418 
801 2 |a RU  |b 63413507  |c 20150703  |g RCR 
942 |c BK 
959 |a 73/20140416  |d 5  |e 579,00  |f ЧЗТЛ:1  |f АНЛ:1  |f УФ:3